Олж мэд (Бичлэгийн дугаар. 590582)

MARC дэлгэрэнгүй
000 -Удирдлага
Ном зүйн бүртгэл тоо буюу кодлох утгыг агуулсан 00669nam a22002177a 4500
003 - ХЯНАЛТЫН ТОО ТОДОРХОЙЛОГЧ
Код MN-UlNLM
005 - ХАМГИЙН СҮҮЛИЙН ҮЕИЙН ХЭЛЦЛИЙН ОГНОО БА ЦАГ
Тухайн бичилтийг бичсэн засварласан сүүлийн огноо. 20220411141631.0
008 - ЕРӨНХИЙ МЭДЭЭЛЭЛ-ЭЛЕМЕНТҮҮДИЙН ӨГӨГДЛИЙН УРТ
fixed length control field 220103t2018 mp ||||| |||| 00| 0 mon d
020 ## - ОЛОН УЛСЫН СТАНДАРТ НОМЫН ДУГААР-ISBN
Олон Улсын Стандарт Номын Дугаар 978-99973-1-604-2
040 ## - ЭХ СУРВАЛЖИЙГ ТОДОРХОЙЛОН БИЧИХ
Анхны каталогийн байгууллага Монгол Улсын Үндэсний номын сан
084 ## - БУСАД АНГИЛЛЫН ДУГААР
Ангиллын нэр Номын сан номзүйн ангилал
Анги 87.2
Зохиогчийн 3-н тэмдэгт К 342
Шинжлэх ухааны мэдлэгийн салбар Гүн ухаан - 87
100 1# - ЗОХИОГЧИЙН ХЭСЭГ
Зохиогчийн нэр Келли Ж.Ф.
245 1# - ҮНДСЭН ГАРЧИГ
Гарчиг Олж мэд
Гарчигт хамааралтай мэдээ Кодчилол
Оролцогчдын тухай мэдээ Ерөн ред. Lizzie Davey
260 1# - ГАРАЛТЫН ТУХАЙ МЭДЭЭ
Хэвлэгдсэн газар УБ
Хэвлэлийн газар Мон судар
Хэвлэгдсэн он 2018
300 ## - ТООНЫ МЭДЭЭ
Хуудасны тоо 64х
Дагалдах материал Зур
546 ## - ХЭЛНИЙ ТУХАЙ МЭДЭЭ
Хэл
653 ## - ТҮЛХҮҮР ҮГС
Түлхүүр үг Гүн ухаан
-- Танин мэдэхүйн онол
-- Техник
856 ## - ЭЛЕКТРОН БАЙРЛАЛ БА ХОЛБООС
Төрөл Хэвлэмэл ном
942 ## - ЭЛЕМЕНТИЙН ТӨРӨЛ
Төрөл Ном
Захиалгууд
Буцаан татагдсан төлөв Хасагдсан шалтгаан Гэмтсэн төлөв Данс заагч Захиалах боломжгүй Үндсэн номын сан Одоогийн байршил Салбар танхим Сан хөмрөг 5 Бүртгэсэн огноо Бүрдүүлэлтийн эх үүсвэр Тавиурын заалт Баркод Үнэ Хамгийн сүүлд байсан огноо Нийт уншлаганд гарсан тоо Фактур мөрийн дугаар Төрөл Хамгийн сүүлд уншлаганд гарсан огноо
          МУҮНомын сан салбар МУҮНомын сан салбар МУҮНС салбар | Эрдэм танхим 7 давхар МУҮНС салбар | Эрдэм танхим 7 давхар 2022-01-10 Худалдан авсан 20765 000030020765 11610.00 2023-02-10   210105.00 Ном  
        Албан хэрэгцээнд МУҮндэсний Номын сан МУҮндэсний Номын сан МУҮНС төв | Архив фонд төв байр МУҮНС төв | Архив фонд төв байр 2022-01-10 Худалдан авсан 42077 003110042077 11610.00 2022-01-03   210105.00 Ном  
          МУҮндэсний Номын сан МУҮндэсний Номын сан МУҮНС салбар | Гэр бүлийн танхим 2 давхар МУҮНС салбар | Гэр бүлийн танхим 2 давхар 2022-01-10 Худалдан авсан 20766 000030020766 11610.00 2024-09-16 1 210105.00 Ном 2024-09-16